000 00927nas a2200301 4500
001 BR0403156
003 BR-BrBNA
005 20231205104634.0
007 ta
008 230509b bl.|||p| |||| 00| 00por d
040 _aBR-BrBNA
_bpor
_cBiblioteca Nacional de Agricultura
041 _a(Pt)
072 _aF03; F04
100 1 _aMoreira, L.B.
100 1 _aLopes, H.M.
100 1 _aSilva, E.R. da
245 1 _aEfeitos do tamanho de sementes, adubação orgânica e densidade de semeadura sobre o comportamento agronômico de milho (Zea mays L.)
650 _aMILHO
650 _aSEMENTE
650 _aTAMANHO
650 _aADUBO ORGÂNICO
650 _aDENSIDADE DE SEMEADURA
650 _aRENDIMENTO
650 _aPOPULAÇÃO DE PLANTA
773 0 _tAgronomia (Brazil)
_xISSN 0365-2718
_g(Jan-Dec 2002), v. 36(1-2) p. 37-41
_wBR0403156
909 _a202311
_bLúcia
_c55
_dLúcia Elande
942 _2AGRIS
_n0
_cANA
999 _c179068
_d179068